Central Library OPAC University of Rajshahi

Group psychotherapy : (Record no. 28754)

MARC details
000 -LEADER
fixed length control field 00830nam a2200253 a 4500
001 - CONTROL NUMBER
control field 28754
003 - CONTROL NUMBER IDENTIFIER
rucl marc code BD-RjUL
005 - DATE AND TIME OF LATEST TRANSACTION
control field 20211209051326.0
008 - FIXED-LENGTH DATA ELEMENTS--GENERAL INFORMATION
fixed length control field 140331s1957 enka 001 0 eng d
035 ## - SYSTEM CONTROL NUMBER
System control number (BD-RjUL)28836
040 ## - CATALOGING SOURCE
Original cataloging agency TWT
Transcribing agency TWT
Language of cataloging eng
Modifying agency BD-RjUL
041 ## - LANGUAGE CODE
Language code of text/sound track or separate title eng
082 ## - DEWEY DECIMAL CLASSIFICATION NUMBER
Classification number 131.322
Author mark and year FOG 1971
100 1# - MAIN ENTRY--PERSONAL NAME
Personal name Foulkes, S. H.
Fuller form of name (Siegmund Heinz)
9 (RLIN) 87960
245 10 - TITLE STATEMENT
Title Group psychotherapy :
Remainder of title the psycho-analytic approach /
Statement of responsibility, etc. S.H. Foulkes and E.J. Anthony
260 ## - PUBLICATION, DISTRIBUTION, ETC. (IMPRINT)
Place of publication, distribution, etc. Harmondsworth :
Name of publisher, distributor, etc. Penguin Books,
Date of publication, distribution, etc. 1957 [Reprinted 1971]
300 ## - PHYSICAL DESCRIPTION
Pagination 280 p. :
Illustrations illus ;
Size 18 cm
490 1# - SERIES STATEMENT
Series statement Pelican psychology series ;
Volume/sequential designation A370
650 #0 - SUBJECT ADDED ENTRY--TOPICAL TERM
Topical term or geographic name as entry element Group psychoanalysis
9 (RLIN) 87961
700 1# - ADDED ENTRY--PERSONAL NAME
Personal name Anthony, E. James
Fuller form of name (Elwyn James),
Dates associated with a name 1916-
830 #0 - SERIES ADDED ENTRY--UNIFORM TITLE
Volume number/sequential designation A370
830 #0 - SERIES ADDED ENTRY--UNIFORM TITLE
Uniform title Pelican psychology series ;
942 ## - ADDED ENTRY ELEMENTS (KOHA)
Source of classification or shelving scheme Dewey Decimal Classification
Koha item type Books
Holdings
Lost status Source of classification or shelving scheme Damaged status Not for loan Collection code Permanent Location Current Location Shelving location Date acquired Source of acquisition Total Checkouts Full call number Date last seen Copy number Koha item type
  Dewey Decimal Classification   Added to bundle Non-fiction Central Library, University of Rajshahi Central Library, University of Rajshahi Reading Room 12/02/1991 Asia found..   131.322 FOG 1971 31/03/2014 C-1 Books